| 000 | 00377nam a2200145Ia 4500 | ||
|---|---|---|---|
| 008 | 240330s9999||||xx |||||||||||||| ||und|| | ||
| 020 | _a9780198069836 | ||
| 082 |
_a650 _bCHA/C |
||
| 100 | _aChatterji, Madhumita | ||
| 245 | 0 | _aCorporate Social Responsibility | |
| 250 | _a10th Edition | ||
| 260 |
_aNew Delhi _boxford University Press _c2018 |
||
| 300 | _a348p. | ||
| 942 | _cBK | ||
| 999 |
_c44190 _d44190 |
||